Systémový prístup k verejnej správe
Verejná správa bola uznaná ako vedná disciplína a bola zaradená do systému spoločenských vied. Úloha verejnej správy v procesoch dynamického rozvoja spoločnosti.
Enregistré dans:
| Auteur principal: | |
|---|---|
| Format: | Chapitre de livre |
| Langue: | slovaque |
| Sujets: | |
| Tags: |
Pas de tags, Soyez le premier à ajouter un tag!
|
MARC
| LEADER | 00000naa$a2200000$$$4500 | ||
|---|---|---|---|
| 001 | 0109953 | ||
| 005 | 20231107112539.6 | ||
| 041 | 0 | |a slo | |
| 044 | |a SK | ||
| 245 | 1 | 0 | |a Systémový prístup k verejnej správe |c Mária Adamcová |
| 520 | |a Verejná správa bola uznaná ako vedná disciplína a bola zaradená do systému spoločenských vied. Úloha verejnej správy v procesoch dynamického rozvoja spoločnosti. | ||
| 610 | 2 | 0 | |a správa verejná |
| 610 | 2 | 0 | |a vedy spoločenské |
| 100 | 1 | |a Adamcová, Mária | |